000 00425nam a2200181Ia 4500
001 4105
005 20260306145731.0
008 260306t2002||||xx |||||||||||||| ||spa||
041 _aESP
082 _a306.85
_bH12 Nº 83
100 _aVásquez, Antonio
_eAUT
245 0 _aEl matrimonio y los días
260 _c2002
300 _a234 páginas :
_c19 cm.
650 _aGEN
654 _aCED
942 _cLIB
_dJUS
_fJUS
_2ddc
_n
999 _c4105
_d4105